000 00594nam a2200193Ia 4500
005 20260114185816.0
008 008 260114s9999 xx 000 0 eng d
020 _a9780567666604
037 _aEBOOK
040 _aCRL
_beng
_cCRL
041 _aeng
_2eng
084 _qCRL
100 _aFrances Flannery and Rodney A. Werline
_9874658
245 4 _aThe Bible in Political Debate What Does it Really Say?
260 _bBloomsbury
_c2016
856 _uhttps://doi.org/10.5040/9780567666604?locatt=label:secondary_bloomsburyCollections
942 _cEBOOK
999 _c1473592
_d1473592